[Event "Wch Seniors 12th"]
[Site "Naumburg"]
[Date "2002.10.31"]
[Round "9"]
[White "Stock, Hugo"]
[Black "Klebaner, Yakov"]
[Result "1/2-1/2"]
[WhiteElo "1684"]
[BlackElo "2041"]
[PlyCount "31"]
[EventDate "2002.10.21"]
[EventType "swiss"]
[EventRounds "11"]
[EventCountry "GER"]
[SourceTitle "EXT 2006"]
[Source "ChessBase"]
[SourceDate "2005.11.24"]
[SourceVersion "1"]
[SourceVersionDate "2005.11.24"]
[SourceQuality "1"]

1. d4 Nf6 2. c4 g6 3. Nc3 Bg7 4. e4 d6 5. Be3 0-0 6. Be2 c6 7. Nf3 Nbd7 8. 0-0 e5 9. d5 cxd5 10. cxd5 a6 11. Nd2 Ne8 12. Rc1 f5 13. f3 f4 14. Bf2 g5 15. g4 fxg3 16. hxg3 1/2-1/2

[Event "Wch Seniors 12th"]
[Site "Naumburg"]
[Date "2002.10.22"]
[Round "2"]
[White "Klebaner, Yakov"]
[Black "Fabritius, Herbert"]
[Result "1/2-1/2"]
[WhiteElo "2041"]
[BlackElo "1708"]
[PlyCount "63"]
[EventDate "2002.10.21"]
[EventType "swiss"]
[EventRounds "11"]
[EventCountry "GER"]
[SourceTitle "EXT 2006"]
[Source "ChessBase"]
[SourceDate "2005.11.24"]
[SourceVersion "1"]
[SourceVersionDate "2005.11.24"]
[SourceQuality "1"]

1. e4 e6 2. d3 d5 3. Nd2 Nf6 4. g3 b6 5. Bg2 Bb7 6. e5 Nfd7 7. Ngf3 Be7 8. 0-0 c5 9. Re1 Nc6 10. c3 Qc7 11. Qe2 h6 12. Nf1 Ba6 13. h4 0-0-0 14. h5 Rdg8 15. g4 g6 16. Ng3 gxh5 17. gxh5 Qd8 18. c4 d4 19. Bd2 Bb7 20. a3 Na5 21. Bxa5 bxa5 22. Ne4 Rg7 23. Kh1 Rhg8 24. Rg1 Rg4 25. Rae1 Bxe4 26. dxe4 Nxe5 27. Bh3 Rxg1+ 28. Rxg1 Rxg1+ 29. Kxg1 d3 30. Qd1 Nxf3+ 31. Qxf3 d2 32. Qd1 1/2-1/2